L'Enseignement Islamique en Egypte : (Record no. 30943)

MARC details
000 -LEADER
fixed length control field 00975nam a22002537i 4500
003 - CONTROL NUMBER IDENTIFIER
control field EG-ScBUE
005 - DATE AND TIME OF LATEST TRANSACTION
control field 20250407093715.0
008 - FIXED-LENGTH DATA ELEMENTS--GENERAL INFORMATION
fixed length control field 200219s1939 ua f 001 0 fre d
040 ## - CATALOGING SOURCE
Original cataloging agency EG-ScBUE
Language of cataloging fre
Description conventions rda
Transcribing agency EG-ScBUE
Modifying agency EG-ScBUE
043 ## - GEOGRAPHIC AREA CODE
Geographic area code f-ua---
082 04 - DEWEY DECIMAL CLASSIFICATION NUMBER
Edition number 22
Classification number 370.962
Item number SAL
100 1# - MAIN ENTRY--PERSONAL NAME
Relator code Salama, Ibrahim,
Relator term author.
245 12 - TITLE STATEMENT
Title L'Enseignement Islamique en Egypte :
Remainder of title son évolution, son influence sur les programmes modernes : étude pédago-sociologique /
Statement of responsibility, etc Ibrahim Salama, Docteur és Lettres, professeur a l'école normale supérieure du Caire
264 #1 - PUBLICATION, DISTRIBUTION, ETC. (IMPRINT)
Place of publication, distribution, etc Caire :
Name of publisher, distributor, etc Imprimerie Nationale, Boulac,
Date of publication, distribution, etc 1939.
300 ## - PHYSICAL DESCRIPTION
Extent xxxvii, 397 pages :
Other physical details photographs ;
Dimensions 30 cm
336 ## - CONTENT TYPE
Source rdacontent
Content type term text
Content type code txt
337 ## - MEDIA TYPE
Source rdamedia
Media type term unmediated
Media type code n
338 ## - CARRIER TYPE
Source rdacarrier
Carrier type term volume
Carrier type code nc
500 ## - GENERAL NOTE
General note Includes index.
650 #7 - SUBJECT ADDED ENTRY--TOPICAL TERM
Source of heading or term BUEsh
Topical term or geographic name as entry element Islamic education
Geographic subdivision Egypt.
655 ## - INDEX TERM--GENRE/FORM
Form subdivision Reading book
942 ## - ADDED ENTRY ELEMENTS (KOHA)
Source of classification or shelving scheme Dewey Decimal Classification
Koha item type Book - Borrowing
Holdings
Withdrawn status Lost status Source of classification or shelving scheme Damaged status Not for loan Collection code Home library Current library Shelving location Date acquired Source of acquisition Total Checkouts Full call number Barcode Date last seen Price effective from Koha item type
    Dewey Decimal Classification     Donation-Gift Central Library Central Library First floor 07/04/2025 Donation   370.962 SAL 000057304 07/04/2025 07/04/2025 Book - Borrowing
    Dewey Decimal Classification     Donation-Gift Central Library Central Library First floor 16/07/2025 Donation   370.962 SAL 000057376 16/07/2025 16/07/2025 Book - Borrowing